00466nam a2200157 a 450000100100000000500170001000800410002704000250006808200080009310000170010124500580011826000440017630000300022049000290025083000290027900004022920201002034010.0130819s1971 sp d 000 0 spa d aDO-SdBNPbspacBNPHU axxx1 aPaz, Octavio10aTraduccion : literatura y literalidad /cOctavio Paz. aBarcelona, España :bTusquets,c1971. a78 p. :bdiagr. ;c18 cm.1 aCuadernos marginalesv18 0aCuadernos marginalesv18